000 00259nam a22001217a 4500
008 180201b xxu||||| |||| 00| 0 eng d
041 _aeng
080 _a004
100 _a28
101 _aSHK
245 _aSequencher 4.0 user guide
_cDNA
942 _2udc
_cBK
999 _c41523
_d41523